000 01271nam a2200301Ka 4500
001 779630814
003 OCoLC
005 20180528134231.0
008 120309s2011 nyua b 000 1 spa d
020 _a9780545343756 (pbk.)
020 _a0545343755 (pbk.)
035 _a(OCoLC)779630814
040 _aY38
_cY38
_dFIU
_dCoBoFLC
041 _aspa
_heng
082 0 4 _a[Fic]
_223
100 1 _aKlein, Abby.
240 1 0 _aReady Freddy! Yikes! Bikes!
_lSpanish.
245 1 0 _aRuedo como puedo! /
_cby Abby Klein ; illustrated by John McKinley ; translated by Inigo Javaoyes.
260 _aNew York :
_bScholastic,
_c2011.
300 _a95 p. :
_bill. ;
_c20 cm.
440 0 _aReady, Freddy! ;
_v#7.
500 _aLa clase de Calixto fin participara en una vuelta ciclista con el fin de recaudar fondos para un refugio de animals, pero Calixto tiene un gran problema...Ha hecho una apuesta con el abuson de la clase de que dara mas vueltas en bicicleta que el. Pero Calixto ni siquiera sabe montar bicicleta! Ahora solo tiene dos semanas para aprender o hacer el ridulo frente a todos!
650 0 _aBicycles
_vJuvenile fiction.
655 1 _aSpanish language materials.
700 1 _aMcKinley, John,
_d1956-
_eill.
700 1 _aJavaoyes, Inigo.
942 _cBK
_2ddc
999 _c20792
_d20792